Central Library OPAC University of Rajshahi
Normal view MARC view

Entry Topical Term

Number of records used in: 2

001 - CONTROL NUMBER

  • control field: 3341

003 - CONTROL NUMBER IDENTIFIER

  • control field: BD-RjUL

005 - DATE AND TIME OF LATEST TRANSACTION

  • control field: 20220601131426.0

008 - FIXED-LENGTH DATA ELEMENTS

  • fixed length control field: 220601|| aca||aabn | a|a d

040 ## - CATALOGING SOURCE

  • Original cataloging agency: BD-RjUL
  • Transcribing agency: BD-RjUL

150 ## - HEADING--TOPICAL TERM

  • Topical term or geographic name entry element: Reading (Elementary)

670 ## - SOURCE DATA FOUND

  • Source citation: Work cat.: (BD-RjUL)79893: [Afifi, Ibrahim] العفيفي, ابراهيم 3340, القراءة الجديدة :al-qirāʼah al-jadīdah /, 1977